=LDR 00000nam 2200000 4500 =001 NUTBA000000000003224 =005 20140807152517.0 =006 =007 =008 =020 ##$$a 602-8519-60-X =035 ##$$a 0010-081400000000068 =040 ##$$a NBPDMAT =082 ##$$a 372.7 =090 ##$$a 372.7 $b Fac p =100 ##$$a Fachri =245 ##$$a Persamaan garis lurus / $c oleh Fachri =250 ##$$a Cet. 3 =260 ##$$a Jakarta : $b Ghina Walafasa, $c 2012 =300 ##$$a 2 jil. ; $c 25 cm. =650 ##$$a Matematika-SD =990 ##$$a 21404342 =990 ##$$a 0001/BPAP-NTB/20142014 =990 ##$$a 0001/BPAP-NTB/20142014 =990 ##$$a 0001/BPAP-NTB/20142014 =990 ##$$a 0001/BPAP-NTB/20142014 =990 ##$$a 0001/BPAP-NTB/20142014 =990 ##$$a 0001/BPAP-NTB/20142014 =990 ##$$a 0001/BPAP-NTB/20142014